[Event "CP-2012-Q-00006"]
[Site "LSS email"]
[Date "2013.12.17"]
[Round "?"]
[White "Taroma Corpus, Roger"]
[Black "Kasabasic, Djordje"]
[Result "1/2-1/2"]
[WhiteElo "1725"]
[BlackElo "2202"]
[PlyCount "89"]
[EventDate "2013.12.22"]
[EventType "tourn (corr)"]
[EventRounds "6"]
[EventCountry "GER"]
[SourceTitle "Corr 2015"]
[Source "ChessBase"]
[SourceDate "2015.07.17"]
[SourceVersion "1"]
[SourceVersionDate "2015.07.17"]
[SourceQuality "1"]

1. e4 c5 2. Nf3 d6 3. d4 cxd4 4. Nxd4 Nf6 5. Nc3 a6 6. Bg5 e6 7. f4 Nbd7 8. Qf3 Qc7 9. 0-0-0 b5 10. Bd3 Bb7 11. Rhe1 Qb6 12. Nd5 Qxd4 13. Bxf6 gxf6 14. Bxb5 Qc5 15. b4 Qxb5 16. Nc7+ Ke7 17. Nxb5 axb5 18. Qd3 Ra6 19. Qxb5 Rb6 20. Qd3 Bh6 21. g3 Rc8 22. e5 Nxe5 23. Qxh7 Rxb4 24. Qxh6 Nf3 25. Re2 Be4 26. a3 Rbc4 27. Rxe4 Rxe4 28. Qh7 d5 29. Kb2 Rb8+ 30. Ka1 Nd4 31. Qxe4 dxe4 32. Rxd4 f5 33. Ka2 Rh8 34. Rd2 e5 35. Kb3 exf4 36. gxf4 Rh4 37. Rf2 Rh3+ 38. c3 Rf3 39. Ra2 Rxf4 40. Kc4 Kd7 41. a4 Kc6 42. a5 Kb7 43. Kd4 Rf1 44. c4 f6 45. Rd2 1/2-1/2

[Event "CP-2012-Q-00006"]
[Site "LSS email"]
[Date "2013.12.17"]
[Round "?"]
[White "Taroma Corpus, Roger"]
[Black "Lizorkina, Veronika"]
[Result "0-1"]
[WhiteElo "1725"]
[BlackElo "1918"]
[PlyCount "63"]
[EventDate "2013.12.22"]
[EventType "tourn (corr)"]
[EventRounds "6"]
[EventCountry "GER"]
[SourceTitle "Corr 2015"]
[Source "ChessBase"]
[SourceDate "2015.07.17"]
[SourceVersion "1"]
[SourceVersionDate "2015.07.17"]
[SourceQuality "1"]

1. e4 e6 2. d4 d5 3. Nc3 Nf6 4. Bg5 Be7 5. e5 Nfd7 6. Bxe7 Qxe7 7. f4 0-0 8. Nf3 c5 9. Qd2 Nc6 10. 0-0-0 a6 11. dxc5 Nxc5 12. Qe3 b5 13. h4 b4 14. Ne2 a5 15. h5 a4 16. h6 g6 17. Ned4 Bd7 18. Bd3 b3 19. a3 bxc2 20. Bxc2 Na5 21. Nd2 Rab8 22. Kb1 Rfc8 23. g4 Bb5 24. Ka1 Ba6 25. Rh2 Bc4 26. Rb1 Bb3 27. Bd3 Qc7 28. Rh3 Qb6 29. f5 Nxd3 30. Qxd3 Bc4 31. Qe3 Ba6 32. Rbh1 0-1

[Event "CP-2013-P-00013"]
[Site "LSS email"]
[Date "2013.09.30"]
[Round "?"]
[White "Best, Herb"]
[Black "Taroma Corpus, Roger"]
[Result "0-1"]
[WhiteElo "1514"]
[BlackElo "1837"]
[PlyCount "34"]
[EventDate "2013.10.01"]
[EventType "tourn (corr)"]
[EventRounds "6"]
[EventCountry "GER"]
[SourceTitle "Corr 2022"]
[Source "ChessBase"]
[SourceDate "2021.10.24"]
[SourceVersion "1"]
[SourceVersionDate "2021.10.24"]
[SourceQuality "1"]

1. e4 e5 2. Nf3 Nc6 3. Bb5 a6 4. Ba4 Nf6 5. 0-0 Nxe4 6. d4 exd4 7. Nxd4 Nxd4 8. Qxd4 Nc5 9. Re1+ Ne6 10. Bh6 c5 11. Qc3 b5 12. Bxg7 Rg8 13. f4 Bxg7 14. Qf3 Bd4+ 15. Kh1 Rb8 16. c3 Bb7 17. Qh3 Qh4 0-1

[Event "CP-2013-P-00013"]
[Site "LSS email"]
[Date "2013.09.30"]
[Round "?"]
[White "Taroma Corpus, Roger"]
[Black "Polikarpov, Yurij"]
[Result "1-0"]
[WhiteElo "1837"]
[BlackElo "800"]
[PlyCount "63"]
[EventDate "2013.10.01"]
[EventType "tourn (corr)"]
[EventRounds "6"]
[EventCountry "GER"]
[SourceTitle "Corr 2022"]
[Source "ChessBase"]
[SourceDate "2021.10.24"]
[SourceVersion "1"]
[SourceVersionDate "2021.10.24"]
[SourceQuality "1"]

1. e4 c6 2. d4 d5 3. e5 Bf5 4. Nf3 e6 5. Be2 Nd7 6. c3 h6 7. 0-0 Ne7 8. Nh4 Bh7 9. Bd3 Bxd3 10. Qxd3 c5 11. Be3 Nc6 12. Nf3 Be7 13. Qe2 0-0 14. Rd1 Qb6 15. dxc5 Bxc5 16. Bxc5 Nxc5 17. Na3 a6 18. Rab1 Qa5 19. Qe3 Rac8 20. Nc2 Ne4 21. a3 Rfd8 22. Ncd4 Qc7 23. Re1 Na5 24. Nd2 Nxd2 25. Qxd2 Qb6 26. Kh1 Rc4 27. h3 Nc6 28. Nxc6 bxc6 29. b3 Re4 30. Qc2 Rxe1+ 31. Rxe1 c5 32. Re3 1-0

[Event "BI-2013-P-00020"]
[Site "LSS email"]
[Date "2013.04.22"]
[Round "?"]
[White "Florea, Valentin Mihail"]
[Black "Taroma Corpus, Roger"]
[Result "1-0"]
[WhiteElo "2178"]
[BlackElo "1728"]
[PlyCount "101"]
[EventDate "2013.04.25"]
[EventType "tourn (corr)"]
[EventRounds "10"]
[EventCountry "GER"]
[SourceTitle "Telechess CBM 167"]
[Source "ChessBase"]
[SourceDate "2015.07.13"]
[SourceVersion "1"]
[SourceVersionDate "2015.07.13"]
[SourceQuality "1"]

1. e4 e5 2. Nf3 Nc6 3. Bb5 a6 4. Ba4 Nf6 5. 0-0 Bc5 6. c3 b5 7. Bb3 d6 8. d4 Bb6 9. a4 Bb7 10. Bg5 exd4 11. cxd4 h6 12. Bxf6 Qxf6 13. Bd5 0-0 14. Nc3 b4 15. Ne2 Na5 16. Bxb7 Nxb7 17. Qd2 Qg6 18. Ng3 c5 19. Nf5 Rfe8 20. Rae1 Rab8 21. Re3 Qf6 22. Ne1 d5 23. Rg3 Rxe4 24. Nxg7 Kf8 25. Nd3 Bc7 26. Nh5 Qe6 27. Nhf4 Bxf4 28. Nxf4 Qf6 29. Ng6+ Ke8 30. Ne5 Rxd4 31. Qe1 Kd8 32. Nxf7+ Kc7 33. Rf3 Rf4 34. Rxf4 Qxf4 35. Qe7+ Kb6 36. Ne5 Rc8 37. Qe6+ Ka7 38. a5 Rc7 39. Qb6+ Kb8 40. Re1 b3 41. Nc6+ Rxc6 42. Qxc6 Qb4 43. Re8+ Ka7 44. Qxd5 Qa4 45. Re1 Qxa5 46. Rc1 Qa2 47. Qe5 a5 48. Rd1 h5 49. f4 a4 50. h3 a3 51. Rd7 1-0

[Event "BI-2013-P-00020"]
[Site "LSS email"]
[Date "2013.04.22"]
[Round "?"]
[White "Taroma Corpus, Roger"]
[Black "Jovanovic, Bratislav"]
[Result "0-1"]
[WhiteElo "1728"]
[BlackElo "2050"]
[PlyCount "100"]
[EventDate "2013.04.25"]
[EventType "tourn (corr)"]
[EventRounds "10"]
[EventCountry "GER"]
[SourceTitle "Telechess CBM 167"]
[Source "ChessBase"]
[SourceDate "2015.07.13"]
[SourceVersion "1"]
[SourceVersionDate "2015.07.13"]
[SourceQuality "1"]

1. e4 e6 2. d4 d5 3. Nd2 Nf6 4. e5 Nfd7 5. Bd3 c5 6. c3 Nc6 7. Ne2 Qb6 8. Nf3 cxd4 9. cxd4 f6 10. exf6 Nxf6 11. 0-0 Bd6 12. Nc3 0-0 13. Be3 Bd7 14. a3 Be8 15. Ng5 Ne7 16. h3 Bc7 17. Na4 Qd6 18. g3 h6 19. Bf4 Qc6 20. Rc1 Qxa4 21. Rxc7 Qxd1 22. Rxd1 hxg5 23. Bd6 Nc6 24. Bxf8 Kxf8 25. Be2 Rb8 26. Kg2 a6 27. Bg4 Bd7 28. Rxd7 Nxd7 29. Bxe6 Nf6 30. Bf5 Ke7 31. f3 Kd6 32. Bc2 Ne8 33. Bd3 Nc7 34. Bg6 Ne6 35. Rd3 Rf8 36. Bh5 Nexd4 37. Bg4 Re8 38. Rd2 Nb3 39. Rc2 d4 40. f4 gxf4 41. gxf4 Re3 42. h4 Ne7 43. h5 d3 44. Rf2 Nd5 45. Bd1 Nc5 46. Kh2 Re1 47. Bf3 Nxf4 48. b4 Ne4 49. Ra2 Re2+ 50. Bxe2 dxe2 0-1

[Event "BI-2013-P-00020"]
[Site "LSS email"]
[Date "2013.04.22"]
[Round "?"]
[White "Van Bommel, Ton"]
[Black "Taroma Corpus, Roger"]
[Result "0-1"]
[WhiteElo "2203"]
[BlackElo "1785"]
[PlyCount "28"]
[EventDate "2013.04.25"]
[EventType "tourn (corr)"]
[EventRounds "10"]
[EventCountry "GER"]
[SourceTitle "Corr 2022"]
[Source "ChessBase"]
[SourceDate "2021.10.24"]
[SourceVersion "1"]
[SourceVersionDate "2021.10.24"]
[SourceQuality "1"]

1. e4 e5 2. Nf3 Nc6 3. Bb5 a6 4. Ba4 Nf6 5. 0-0 Bc5 6. c3 b5 7. Bc2 d6 8. d4 Bb6 9. a4 Bg4 10. d5 Ne7 11. axb5 axb5 12. Rxa8 Qxa8 13. Na3 Ng6 14. Ng5 Bxd1 0-1

[Event "BI-2013-P-00020"]
[Site "LSS email"]
[Date "2013.04.22"]
[Round "?"]
[White "Wosch, Arkadiusz Janusz"]
[Black "Taroma Corpus, Roger"]
[Result "1-0"]
[WhiteElo "2190"]
[BlackElo "1728"]
[PlyCount "101"]
[EventDate "2013.04.25"]
[EventType "tourn (corr)"]
[EventRounds "10"]
[EventCountry "GER"]
[SourceTitle "Telechess CBM 167"]
[Source "ChessBase"]
[SourceDate "2015.07.13"]
[SourceVersion "1"]
[SourceVersionDate "2015.07.13"]
[SourceQuality "1"]

1. e4 e5 2. Nf3 Nc6 3. Bc4 Bc5 4. c3 Nf6 5. d3 d6 6. 0-0 Bg4 7. h3 Bh5 8. Bb5 0-0 9. Bxc6 bxc6 10. Bg5 h6 11. Bxf6 Qxf6 12. Nbd2 Rfb8 13. Rb1 d5 14. Qa4 Bb6 15. Qa6 Qf4 16. a4 Qf6 17. Rfe1 Bg6 18. Rbc1 Bc5 19. b4 Bf8 20. Qa5 Qd6 21. exd5 f6 22. d4 Qxd5 23. Qxd5+ cxd5 24. dxe5 c5 25. bxc5 Bxc5 26. exf6 gxf6 27. Nd4 Bxd4 28. cxd4 Rb4 29. Re3 Be8 30. Rg3+ Kf8 31. Nf1 Rxd4 32. Ne3 a5 33. Rc7 Bf7 34. Nf5 Rc4 35. Rb7 Rb4 36. Rd7 Be6 37. Rh7 Bxf5 38. Rh8+ Kf7 39. Rxa8 Rxa4 40. Ra7+ Ke6 41. Re3+ Kd6 42. Rf3 Ke5 43. Re7+ Be6 44. Re3+ Re4 45. Rxe4+ dxe4 46. Ra7 a4 47. Ra5+ Bd5 48. g4 Ke6 49. Rxa4 Ke5 50. Ra5 Ke6 51. Kh2 1-0

[Event "BI-2012-F-00014"]
[Site "LSS email"]
[Date "2013.02.15"]
[Round "?"]
[White "Taroma Corpus, Roger"]
[Black "Grkinic, Goran"]
[Result "1-0"]
[WhiteElo "1728"]
[BlackElo "1767"]
[PlyCount "91"]
[EventDate "2013.02.20"]
[EventType "tourn (corr)"]
[EventRounds "10"]
[EventCountry "GER"]
[SourceTitle "Telechess CBM 163"]
[Source "ChessBase"]
[SourceDate "2014.11.11"]
[SourceVersion "2"]
[SourceVersionDate "2014.11.11"]
[SourceQuality "1"]

1. e4 e5 2. Nf3 Nf6 3. Nxe5 d6 4. Nf3 Nxe4 5. d4 d5 6. Bd3 Bd6 7. 0-0 0-0 8. c4 c6 9. Re1 Bf5 10. Qb3 Na6 11. cxd5 cxd5 12. Nc3 Nb4 13. Bxe4 dxe4 14. Bg5 Qd7 15. Nxe4 Bxe4 16. Rxe4 Rfe8 17. Rae1 Rxe4 18. Rxe4 a5 19. a4 h6 20. Bd2 Re8 21. Rxe8+ Qxe8 22. Bxb4 axb4 23. g3 Qe4 24. Kg2 g5 25. h3 Kg7 26. Qe3 Qc2 27. Qe8 Qf5 28. Nd2 Qd5+ 29. Qe4 Qa2 30. Qxb7 Qxb2 31. Nc4 Qxd4 32. Nxd6 Qxd6 33. a5 b3 34. Qxb3 Qc6+ 35. Kh2 Qc5 36. Qb6 Qa3 37. a6 Qa2 38. a7 Kh7 39. Qd4 Kg8 40. Qd8+ Kg7 41. a8Q Qxf2+ 42. Qg2 Qe3 43. Qb2+ Kh7 44. Qdh8+ Kg6 45. Qhf6+ Kh5 46. Qxf7# 1-0

[Event "SC-2013-0-00173"]
[Site "LSS email"]
[Date "2013.01.31"]
[Round "?"]
[White "Laffont, Jose Eduardo Alfred"]
[Black "Taroma Corpus, Roger"]
[Result "0-1"]
[WhiteElo "1595"]
[BlackElo "1741"]
[PlyCount "70"]
[EventDate "2013.01.04"]
[EventType "tourn (corr)"]
[EventRounds "6"]
[EventCountry "GER"]
[SourceTitle "Corr 2022"]
[Source "ChessBase"]
[SourceDate "2021.10.24"]
[SourceVersion "1"]
[SourceVersionDate "2021.10.24"]
[SourceQuality "1"]

1. d4 d5 2. c4 dxc4 3. Nf3 Nf6 4. e3 e6 5. Bxc4 c5 6. 0-0 a6 7. Qe2 b5 8. Bb3 Bb7 9. Rd1 Nbd7 10. Nc3 Qc7 11. e4 cxd4 12. Nxd4 Bd6 13. h3 b4 14. Na4 Nxe4 15. Be3 0-0 16. Rac1 Qa5 17. Nxe6 fxe6 18. Bxe6+ Kh8 19. Bxd7 Qe5 20. Rxd6 Qxd6 21. Nb6 Rad8 22. f3 Ng3 23. Qe1 Rxf3 24. gxf3 Bxf3 25. Kf2 Bb7 26. Kg1 Rf8 27. Bf2 Ne4 28. Rd1 Qg6+ 29. Bg4 h5 30. Be3 Nf6 31. Qxb4 Re8 32. Qf4 hxg4 33. Bf2 gxh3+ 34. Qg3 Qxg3+ 35. Bxg3 Re2 0-1

[Event "OP-2012-0-02568"]
[Site "LSS email"]
[Date "2012.12.31"]
[Round "?"]
[White "Loginov, Pavel"]
[Black "Taroma Corpus, Roger"]
[Result "1-0"]
[WhiteElo "1918"]
[BlackElo "1728"]
[PlyCount "159"]
[EventDate "2012.12.26"]
[EventType "tourn (corr)"]
[EventRounds "4"]
[EventCountry "GER"]
[SourceTitle "Telechess CBM 163"]
[Source "ChessBase"]
[SourceDate "2014.11.11"]
[SourceVersion "2"]
[SourceVersionDate "2014.11.11"]
[SourceQuality "1"]

1. d4 d5 2. c4 c6 3. Nf3 Nf6 4. Nc3 dxc4 5. a4 Bf5 6. e3 e6 7. Bxc4 Bb4 8. 0-0 Nbd7 9. Qe2 0-0 10. e4 Bg6 11. Bd3 Re8 12. e5 Nd5 13. Bxg6 hxg6 14. Ne4 Rc8 15. Bd2 Bf8 16. Nfg5 f6 17. Qg4 fxg5 18. Nxg5 N7f6 19. exf6 Nxf6 20. Qh4 Qd5 21. Rad1 Bd6 22. Bc3 Rf8 23. Rfe1 Rce8 24. g3 Nh5 25. Ne4 Nf6 26. Nxd6 g5 27. Qh3 g4 28. Qh4 Qxd6 29. Re5 Kf7 30. Rd2 Rh8 31. Qg5 b6 32. Rde2 a5 33. Qe3 Rh6 34. Qd3 Nd7 35. Rg5 Nf6 36. Bd2 Reh8 37. f4 gxf3 38. Rf2 Rd8 39. h4 Qxd4 40. Qxf3 Rg6 41. Qxc6 Rd6 42. Qb7+ Rd7 43. Qf3 Qxa4 44. Kh2 Qc4 45. Bc3 Rd5 46. g4 Rh6 47. Kg1 e5 48. Bxe5 Rxe5 49. Rxe5 Rxh4 50. g5 Rg4+ 51. Rg2 Qd4+ 52. Qe3 Qd1+ 53. Kf2 Qh1 54. Re7+ Kg6 55. Qf3 Qh4+ 56. Ke2 Rxg5 57. Qd3+ Kh6 58. Rxg5 Qxg5 59. Qe3 Qxe3+ 60. Rxe3 Kg5 61. Re6 Nd7 62. Rd6 Ne5 63. Rxb6 Kf4 64. Ra6 Ke4 65. Rxa5 Kd4 66. Ra4+ Kd5 67. Rf4 g6 68. b4 Ke6 69. Ke3 Kd5 70. Rd4+ Kc6 71. b5+ Kb6 72. Kf4 Nf7 73. Rd5 Kc7 74. Ke3 Kb6 75. Kd4 Nh6 76. Kc3 Nf5 77. Kb4 Kc7 78. Kc5 Kc8 79. b6 Ne3 80. Rd6 1-0

[Event "SC-2012-0-00164"]
[Site "LSS email"]
[Date "2012.12.15"]
[Round "?"]
[White "Taroma Corpus, Roger"]
[Black "Brayman, Neal Zvi"]
[Result "1/2-1/2"]
[WhiteElo "1684"]
[BlackElo "1738"]
[PlyCount "46"]
[EventDate "2012.10.27"]
[EventType "tourn (corr)"]
[EventRounds "6"]
[EventCountry "GER"]
[SourceTitle "Corr 2022"]
[Source "ChessBase"]
[SourceDate "2021.10.24"]
[SourceVersion "1"]
[SourceVersionDate "2021.10.24"]
[SourceQuality "1"]

1. e4 e6 2. d4 d5 3. Nd2 c5 4. Ngf3 Nc6 5. exd5 exd5 6. Bb5 Bd6 7. dxc5 Bxc5 8. 0-0 Nge7 9. Nb3 Bd6 10. Re1 0-0 11. Bg5 Bg4 12. Be2 Re8 13. h3 Bh5 14. c3 h6 15. Be3 Nf5 16. Bc5 Bxc5 17. Nxc5 b6 18. Nb3 Nh4 19. Nxh4 Bxe2 20. Rxe2 Rxe2 21. Qxe2 Qxh4 22. Re1 Rd8 23. Qb5 Qf6 1/2-1/2

[Event "SC-2012-0-00164"]
[Site "LSS email"]
[Date "2012.12.15"]
[Round "?"]
[White "Taroma Corpus, Roger"]
[Black "Krabbenbos, Jan"]
[Result "1-0"]
[WhiteElo "1684"]
[BlackElo "1776"]
[PlyCount "69"]
[EventDate "2012.10.27"]
[EventType "tourn (corr)"]
[EventRounds "6"]
[EventCountry "GER"]
[SourceTitle "Corr 2022"]
[Source "ChessBase"]
[SourceDate "2021.10.24"]
[SourceVersion "1"]
[SourceVersionDate "2021.10.24"]
[SourceQuality "1"]

1. e4 c6 2. d4 d5 3. e5 Bf5 4. Nf3 e6 5. Be2 Ne7 6. 0-0 Nd7 7. Nh4 Bg6 8. Nd2 c5 9. c3 Nf5 10. Nxg6 hxg6 11. Nf3 Be7 12. c4 Nxd4 13. Nxd4 cxd4 14. cxd5 Nxe5 15. dxe6 fxe6 16. Bb5+ Kf7 17. f4 Nc6 18. Bc4 Na5 19. Bd3 Qd5 20. Qe2 Rac8 21. b3 Qh5 22. g4 Qh3 23. Bd2 Nc6 24. Rae1 Nd8 25. f5 Rh4 26. fxg6+ Kg8 27. Rf4 Bd6 28. Ref1 Rc5 29. Kh1 Qg3 30. Be1 Bxf4 31. Bxg3 Bxg3 32. Qf3 Rxh2+ 33. Kg1 Bd6 34. Re1 Kh8 35. b4 1-0

[Event "OP-2012-0-02445"]
[Site "LSS email"]
[Date "2012.10.12"]
[Round "?"]
[White "Sirenko, Sergei"]
[Black "Taroma Corpus, Roger"]
[Result "0-1"]
[WhiteElo "1029"]
[BlackElo "1758"]
[PlyCount "82"]
[EventDate "2012.10.07"]
[EventType "tourn (corr)"]
[EventRounds "4"]
[EventCountry "GER"]
[SourceTitle "Telechess CBM 161"]
[Source "ChessBase"]
[SourceDate "2014.07.16"]
[SourceVersion "1"]
[SourceVersionDate "2014.07.16"]
[SourceQuality "1"]

1. e4 e5 2. Nf3 Nc6 3. Bb5 a6 4. Ba4 Nf6 5. 0-0 Be7 6. d3 b5 7. Bb3 d6 8. Be3 Na5 9. Nbd2 Ng4 10. Qe2 Nxb3 11. Nxb3 Nxe3 12. Qxe3 c5 13. a4 b4 14. a5 0-0 15. Nfd2 Bg5 16. Qe2 f5 17. exf5 Bxf5 18. Ne4 Bf4 19. Nbd2 Rc8 20. Ng3 Bg6 21. Nc4 d5 22. Nb6 Rc6 23. Qg4 b3 24. Qe2 bxc2 25. Qxc2 Qd6 26. Qb3 Bf7 27. Qa4 Rc7 28. Ne2 Bd2 29. Nc3 Be6 30. Qd1 Bh6 31. Re1 Rcf7 32. f3 Bf4 33. Qe2 e4 34. g3 Bxg3 35. hxg3 Rxf3 36. Kh1 Rxg3 37. Rf1 Rh3+ 38. Kg1 Qg3+ 39. Qg2 Qe3+ 40. Rf2 Rxf2 41. Qxf2 Rg3+ 0-1

[Event "OP-2012-0-02445"]
[Site "LSS email"]
[Date "2012.10.12"]
[Round "?"]
[White "Taroma Corpus, Roger"]
[Black "Ballero, Andrea"]
[Result "1-0"]
[WhiteElo "1758"]
[BlackElo "1536"]
[PlyCount "53"]
[EventDate "2012.10.07"]
[EventType "tourn (corr)"]
[EventRounds "4"]
[EventCountry "GER"]
[SourceTitle "Telechess CBM 161"]
[Source "ChessBase"]
[SourceDate "2014.07.16"]
[SourceVersion "1"]
[SourceVersionDate "2014.07.16"]
[SourceQuality "1"]

1. e4 c6 2. d4 d5 3. e5 Bf5 4. Nc3 e6 5. g4 Bg6 6. Nge2 c5 7. Be3 Nc6 8. dxc5 h5 9. g5 Nge7 10. Nd4 a6 11. Na4 Nxe5 12. Nb6 Be4 13. f3 Nf5 14. Nxf5 Nxf3+ 15. Ke2 Bxf5 16. c4 Be7 17. Qa4+ Kf8 18. Nxa8 d4 19. Rd1 Qxa8 20. Bg2 Nh4 21. Bxd4 Nxg2 22. Qd7 Qb8 23. Rhf1 Nh4 24. Ke1 e5 25. Rxf5 Nxf5 26. Qxf5 exd4 27. Kf1 1-0

[Event "CP-2012-P-00063"]
[Site "LSS email"]
[Date "2012.10.01"]
[Round "?"]
[White "Neumann, Ulrich"]
[Black "Taroma Corpus, Roger"]
[Result "1/2-1/2"]
[WhiteElo "1755"]
[BlackElo "1758"]
[PlyCount "54"]
[EventDate "2012.10.05"]
[EventType "tourn (corr)"]
[EventRounds "6"]
[EventCountry "GER"]
[SourceTitle "Telechess CBM 161"]
[Source "ChessBase"]
[SourceDate "2014.07.16"]
[SourceVersion "1"]
[SourceVersionDate "2014.07.16"]
[SourceQuality "1"]

1. e4 e5 2. Nf3 Nc6 3. Bc4 Bc5 4. c3 Nf6 5. d4 exd4 6. e5 d5 7. Bb5 Ne4 8. cxd4 Bb6 9. a4 a5 10. Be3 0-0 11. 0-0 Bg4 12. Nc3 f6 13. Be2 fxe5 14. dxe5 Bxe3 15. fxe3 Be6 16. Qb3 Nxc3 17. Qxc3 Qe7 18. Rac1 Rac8 19. Qc5 h6 20. Qxe7 Nxe7 21. Nd4 Bd7 22. Rxf8+ Kxf8 23. e6 Bxa4 24. Rf1+ Kg8 25. Rf7 Re8 26. b3 Bc6 27. Bf3 Kh8 1/2-1/2

[Event "OP-2012-0-02407"]
[Site "LSS email"]
[Date "2012.09.15"]
[Round "?"]
[White "Taroma Corpus, Roger"]
[Black "Kolanek, Roman"]
[Result "0-1"]
[WhiteElo "1717"]
[BlackElo "2042"]
[PlyCount "94"]
[EventDate "2012.09.13"]
[EventType "tourn (corr)"]
[EventRounds "4"]
[EventCountry "GER"]
[SourceTitle "Telechess CBM 159"]
[Source "ChessBase"]
[SourceDate "2014.03.17"]
[SourceVersion "1"]
[SourceVersionDate "2014.03.17"]
[SourceQuality "1"]

1. e4 e5 2. Nf3 Nc6 3. Bc4 Bc5 4. c3 Nf6 5. d3 d6 6. 0-0 a6 7. Bb3 0-0 8. h3 h6 9. d4 Ba7 10. Re1 Re8 11. Bc2 Bd7 12. a3 Nh5 13. d5 Na5 14. Bd3 b5 15. b4 Nc4 16. Bxc4 bxc4 17. Nbd2 f5 18. exf5 Qf6 19. Ne4 Qxf5 20. g4 Qf7 21. gxh5 Rf8 22. Nh2 Bxf2+ 23. Nxf2 Qxf2+ 24. Kh1 Bxh3 25. Rg1 Qh4 26. Ra2 Qe4+ 27. Rgg2 a5 28. b5 Bxg2+ 29. Rxg2 Rf2 30. Qg4 Qxg2+ 31. Qxg2 Rxg2 32. Kxg2 a4 33. Ng4 Ra5 34. b6 cxb6 35. Ne3 Rb5 36. Bd2 Rb2 37. Nxc4 Ra2 38. Kf3 b5 39. Nxd6 Rxd2 40. Ke4 Re2+ 41. Kf5 Kf8 42. Ne4 Ke7 43. Kxe5 Rh2 44. Kd4 Rh4 45. d6+ Ke6 46. Kd3 Rxh5 47. Kc2 Rf5 0-1

[Event "SD-2012-0-00145"]
[Site "LSS email"]
[Date "2012.09.05"]
[Round "?"]
[White "Taroma Corpus, Roger"]
[Black "Hall, Dick"]
[Result "1/2-1/2"]
[WhiteElo "1728"]
[BlackElo "1713"]
[PlyCount "125"]
[EventDate "2012.08.11"]
[EventType "tourn (corr)"]
[EventRounds "6"]
[EventCountry "GER"]
[SourceTitle "Telechess CBM 167"]
[Source "ChessBase"]
[SourceDate "2015.07.13"]
[SourceVersion "1"]
[SourceVersionDate "2015.07.13"]
[SourceQuality "1"]

1. e4 e5 2. Bc4 Nf6 3. Nf3 Bc5 4. 0-0 Nc6 5. Nc3 d6 6. d3 Bg4 7. Be3 Bb6 8. h3 Bd7 9. a3 0-0 10. Bg5 h6 11. Bh4 Nd4 12. Nd5 g5 13. Nxb6 Nxf3+ 14. Qxf3 axb6 15. Bg3 Kg7 16. d4 b5 17. Bd3 Qe7 18. c3 Rfe8 19. Rfe1 c6 20. Qd1 c5 21. Rc1 b6 22. Qe2 Ra5 23. Rcd1 Bc6 24. Bh2 Qc7 25. Bc2 Raa8 26. Rd2 Rad8 27. Qd3 Kf8 28. Qf3 Kg7 29. Kh1 Bb7 30. Qd1 Rc8 31. f3 Bc6 32. Bd3 c4 33. Bc2 Rh8 34. Bg1 Rhd8 35. Be3 Nh5 36. Kh2 Nf4 37. g3 Ng6 38. d5 Bd7 39. f4 f6 40. h4 Rh8 41. Rg1 Rb8 42. Kh1 Rbg8 43. Rf2 Be8 44. Qf1 Qd8 45. Rh2 Nf8 46. a4 bxa4 47. Qxc4 gxf4 48. gxf4+ Kh7 49. Rhg2 Rxg2 50. Rxg2 b5 51. Qe2 Rg8 52. Rxg8 Kxg8 53. Qg4+ Kh7 54. h5 Qd7 55. Qf3 Qg7 56. Bd3 Kh8 57. Qh3 Bd7 58. Qh4 Nh7 59. Kh2 exf4 60. Qxf4 Qg5 61. Qxg5 Nxg5 62. Bf4 Nf3+ 63. Kg3 1/2-1/2

[Event "SD-2012-0-00145"]
[Site "LSS email"]
[Date "2012.09.05"]
[Round "?"]
[White "Taroma Corpus, Roger"]
[Black "Trigg, Haydn Bryan"]
[Result "1-0"]
[WhiteElo "1728"]
[BlackElo "1341"]
[PlyCount "39"]
[EventDate "2012.08.11"]
[EventType "tourn (corr)"]
[EventRounds "6"]
[EventCountry "GER"]
[SourceTitle "Telechess CBM 167"]
[Source "ChessBase"]
[SourceDate "2015.07.13"]
[SourceVersion "1"]
[SourceVersionDate "2015.07.13"]
[SourceQuality "1"]

1. e4 c5 2. Nf3 Nc6 3. d4 cxd4 4. Nxd4 e5 5. Nb5 Nf6 6. N1c3 Bb4 7. a3 Ba5 8. Nd6+ Ke7 9. Be3 Ne8 10. Bc5 Nxd6 11. Bxd6+ Ke8 12. b4 Bc7 13. Bxc7 Qxc7 14. Nb5 Qb8 15. Bc4 f6 16. Qh5+ g6 17. Qh4 Ke7 18. Qh6 d6 19. Qg7+ Kd8 20. Qxh8+ 1-0

[Event "OP-2012-0-02372"]
[Site "LSS email"]
[Date "2012.08.25"]
[Round "?"]
[White "Pilgram, Kurt"]
[Black "Taroma Corpus, Roger"]
[Result "1-0"]
[WhiteElo "1751"]
[BlackElo "1717"]
[PlyCount "141"]
[EventDate "2012.08.20"]
[EventType "tourn (corr)"]
[EventRounds "4"]
[EventCountry "GER"]
[SourceTitle "Telechess CBM 159"]
[Source "ChessBase"]
[SourceDate "2014.03.17"]
[SourceVersion "1"]
[SourceVersionDate "2014.03.17"]
[SourceQuality "1"]

1. d4 d5 2. c4 c6 3. Nf3 Nf6 4. Nc3 e6 5. Bg5 h6 6. Bxf6 Qxf6 7. e3 Nd7 8. Bd3 dxc4 9. Bxc4 Be7 10. 0-0 0-0 11. Qc2 e5 12. d5 Nb6 13. Ne4 Qg6 14. Nxe5 Qf5 15. d6 Qxe5 16. f4 Qf5 17. dxe7 Re8 18. Bd3 Rxe7 19. Nc5 Qf6 20. Qf2 Nd7 21. Nb3 a5 22. e4 a4 23. Nd4 Nc5 24. e5 Rxe5 25. fxe5 Qxf2+ 26. Rxf2 Nxd3 27. Rd2 Nxe5 28. Re1 f6 29. Nf3 Nc4 30. Rd8+ Kf7 31. Nd4 g6 32. Rh8 a3 33. b3 Nb6 34. Rh7+ Kf8 35. Ree7 Nd5 36. Ref7+ Ke8 37. Rfg7 Kf8 38. Rxg6 c5 39. Nf3 Bf5 40. Rh8+ Kf7 41. Rxf6+ Kxf6 42. Rxa8 Nc3 43. Rxa3 Bd7 44. Ra8 Bc6 45. Kf2 Bd5 46. Ke3 Bc6 47. Rh8 Kg7 48. Rd8 Nxa2 49. Ne5 Bb5 50. Rd5 b6 51. Rd6 Nc3 52. Rg6+ Kh7 53. Kd2 Ne4+ 54. Ke1 Bd3 55. Rxb6 Bc2 56. Rb7+ Kg8 57. g4 Kf8 58. Ke2 Ke8 59. h4 Nd6 60. Rb6 Ke7 61. Nc4 Nf7 62. Rb7+ Kf6 63. Kd2 Bg6 64. Rb5 Nd8 65. Rxc5 Ne6 66. Ra5 Nc7 67. g5+ hxg5 68. hxg5+ Ke7 69. Ra7 Kd8 70. Ne5 Be4 71. g6 1-0

[Event "SD-2012-0-00143"]
[Site "LSS email"]
[Date "2012.08.24"]
[Round "?"]
[White "Koziol, Pawel"]
[Black "Taroma Corpus, Roger"]
[Result "0-1"]
[WhiteElo "1411"]
[BlackElo "1758"]
[PlyCount "20"]
[EventDate "2012.07.11"]
[EventType "tourn (corr)"]
[EventRounds "6"]
[EventCountry "GER"]
[SourceTitle "Corr 2015"]
[Source "ChessBase"]
[SourceDate "2015.07.17"]
[SourceVersion "1"]
[SourceVersionDate "2015.07.17"]
[SourceQuality "1"]

1. c4 e5 2. Nc3 Nf6 3. Nf3 Nc6 4. e3 Bb4 5. Qc2 0-0 6. Nd5 Re8 7. a3 Bf8 8. Qf5 Nxd5 9. cxd5 d6 10. Qh5 g6 0-1